| 000 | 00862cam a2200253 a 4500 | ||
|---|---|---|---|
| 005 | 20260322212055.0 | ||
| 008 | data | ||
| 010 | _a 98051539 | ||
| 020 | _a0130116386 (casebound) | ||
| 020 | _a9780130116383 (casebound) | ||
| 040 |
_aDLC _cDLC _dDLC _dDLC |
||
| 050 | 0 | 0 |
_aHD62.15 _b.G64 2000 |
| 082 | 0 | 0 |
_a658.4/013 _221 |
| 100 | 1 | _aGoetsch, David L. | |
| 245 | 1 | 0 |
_aQuality management : _bintroduction to total quality management for production, processing, and services / _cDavid L. Goetsch & Stanley Davis. |
| 250 | _a3rd ed. | ||
| 260 |
_aUpper Saddle River, NJ : _bPrentice Hall, _c2000. |
||
| 300 |
_axvii, 778 p. : _bill. ; _c25 cm. |
||
| 500 | _aRev. ed. of: Introduction to total quality. 1997. | ||
| 504 | _aIncludes bibliographical references and index. | ||
| 650 | 0 | _aTotal quality management. | |
| 700 | 1 |
_aDavis, Stanley, _d1931- |
|
| 001 | data | ||
| 999 |
_c1304 _d1304 |
||